Deutsche Rapper - Statistiken

Allgemein
  • Dieses Quiz wurde 409 mal gespielt
  • Das Durchschnittsergebnis liegt bei 16 aus 20
Antwortstatistiken
Bildquiz Antwort % Korrekt
Cro
98%
Capital Bra
95%
Haftbefehl
92%
Gzuz
89%
Ikkimel
85%
Luciano
84%
Xatar
84%
Bonez MC
79%
Ufo361
79%
Bushido
78%
Kollegah
78%
Sido
77%
SXTN
77%
Pashanim
76%
Peter Fox
73%
RAF Camora
67%
Shindy
67%
SSIO
66%
Eko Fresh
58%
Celo & Abdi
50%
Keine übereinstimmenden Quizze gefunden
Verteilung der Resultate
Anzahl Personen mit jedem Resultat
Perzentil nach korrekt beantworteten Fragen
Ihre Resultats-Entwicklung
Sie haben dieses Quiz noch nicht gespielt